000
00284nam a2200109Ia 4500
008
220204s9999 xx 000 0 und d
082
_a
547
_b
ISA
100
_a
Issacs, Neil S
245
0
_a
Reactive intermediates in organic chemistry
260
_a
London
_b
John Wiley
_c
1974
942
_c
BK
999
_c
31605
_d
31605